América Latina en la Edad Moderna: Una historia de la América española y el Brasil coloniales
Gespeichert in:
| Hauptverfasser: | , |
|---|---|
| Format: | Buch |
| Sprache: | Spanisch |
| Veröffentlicht: |
Madrid
Akal
1992
|
| Schriftenreihe: | Serie Historia Moderna, 159
|
| Schlagworte: | |
| Tags: |
Tag hinzufügen
Keine Tags, Fügen Sie den ersten Tag hinzu!
|
MARC
| LEADER | 00000cam a2200000 a 4500 | ||
|---|---|---|---|
| 001 | UCH3205 | ||
| 003 | CL-VaPUC | ||
| 008 | 090715e19920000SP |||||||||||||||||spa|d | ||
| 020 | |a 8446001438 | ||
| 082 | 0 | 4 | |a 980.013 |b LOC |2 21 |
| 100 | |a Lockhart, James Marvin |e autor |9 447236 | ||
| 700 | 0 | |a Schwartz, Stuart B |e author |9 538457 | |
| 245 | 1 | 0 | |a América Latina en la Edad Moderna: Una historia de la América española y el Brasil coloniales |
| 300 | |a 440 p | ||
| 942 | |c BK | ||
| 945 | |d 20090715 00:00:00 |a dcastane | ||
| 260 | |a Madrid |b Akal |c 1992 | ||
| 650 | 0 | |a Historia de América |9 266076 | |
| 650 | 0 | |a Conquista española |9 267777 | |
| 650 | 7 | |a DESCUBRIMIENTOS |2 CL-VaPUC |9 319676 | |
| 651 | 0 | |a América Latina |9 255027 | |
| 651 | 0 | |a Brasil |9 267393 | |
| 583 | |a last modification |c 20150605 02:12:55 |k Rodrigo Vera | ||
| 490 | 0 | |a Serie Historia Moderna, 159 | |
| 999 | |c 334829 |d 334827 | ||
| 952 | |0 0 |1 0 |4 0 |6 980_013000000000000_LOC_1992 |7 0 |8 A |9 424057 |a BIBHIS |b BIBHIS |d 2019-11-22 |i 4571320 |l 1 |o 980.013 LOC 1992 |p 4571320 |r 2025-01-20 |s 2022-04-06 |w 2019-11-22 |y BK |k HIS | ||
| 952 | |0 0 |1 0 |3 erb |4 0 |6 980_013000000000000_LOC_1992 |7 0 |8 A |9 424058 |a BIBHIS |b BIBHIS |i 5162467 |l 3 |o 980.013 LOC 1992 |p 5162467 |r 2025-01-20 |s 2020-04-24 |w 2019-11-22 |y BK |z Catalogado en:20150605 |k HIS | ||
| 952 | |0 0 |1 0 |3 erb |4 0 |6 980_013000000000000_LOC_1992 |7 0 |8 A |9 424059 |a BIBHIS |b BIBHIS |i 533795K |o 980.013 LOC 1992 |p 533795K |r 2025-01-20 |w 2019-11-22 |y BK |z Catalogado en:20160811 |k HIS | ||
| 952 | |0 0 |1 0 |3 erb |4 0 |6 980_013000000000000_LOC_1992 |7 0 |8 A |9 424060 |a BIBHIS |b BIBHIS |i 5337941 |l 3 |o 980.013 LOC 1992 |p 5337941 |r 2025-01-20 |s 2022-06-06 |w 2019-11-22 |y BK |z Catalogado en:20160811 |k HIS | ||